<?xml version="1.0" encoding="UTF-8"?>
<record
    xmlns:xsi="http://www.w3.org/2001/XMLSchema-instance"
    xsi:schemaLocation="http://www.loc.gov/MARC21/slim http://www.loc.gov/standards/marcxml/schema/MARC21slim.xsd"
    xmlns="http://www.loc.gov/MARC21/slim">

  <leader>00475nam a22001817a 4500</leader>
  <controlfield tag="005">20230403130248.0</controlfield>
  <controlfield tag="008">221220b        |||||||| |||| 00| 0 eng d</controlfield>
  <datafield tag="020" ind1=" " ind2=" ">
    <subfield code="a">81239-0407-X</subfield>
  </datafield>
  <datafield tag="041" ind1=" " ind2=" ">
    <subfield code="a">eng</subfield>
  </datafield>
  <datafield tag="082" ind1=" " ind2=" ">
    <subfield code="a">613.7 PAR-H</subfield>
  </datafield>
  <datafield tag="100" ind1=" " ind2=" ">
    <subfield code="a">PARMAR ,N.S</subfield>
    <subfield code="9">7650</subfield>
  </datafield>
  <datafield tag="245" ind1=" " ind2=" ">
    <subfield code="a">HEALTH EDUCATION &amp; COMMUNITY PHARMACY </subfield>
  </datafield>
  <datafield tag="250" ind1=" " ind2=" ">
    <subfield code="a">1st ed. </subfield>
  </datafield>
  <datafield tag="260" ind1=" " ind2=" ">
    <subfield code="a">NEW DELHI </subfield>
    <subfield code="b">CBS PUBLISHERS &amp; DISTRIBUTORS </subfield>
    <subfield code="c">2023</subfield>
  </datafield>
  <datafield tag="300" ind1=" " ind2=" ">
    <subfield code="a">308;P. </subfield>
  </datafield>
  <datafield tag="650" ind1=" " ind2=" ">
    <subfield code="a">PHARMACY</subfield>
    <subfield code="x">D.PHARMA</subfield>
    <subfield code="9">7651</subfield>
  </datafield>
  <datafield tag="942" ind1=" " ind2=" ">
    <subfield code="c">BK</subfield>
  </datafield>
  <datafield tag="999" ind1=" " ind2=" ">
    <subfield code="c">8157</subfield>
    <subfield code="d">8155</subfield>
  </datafield>
  <datafield tag="952" ind1=" " ind2=" ">
    <subfield code="0">0</subfield>
    <subfield code="1">0</subfield>
    <subfield code="4">0</subfield>
    <subfield code="7">0</subfield>
    <subfield code="8">PHARMACY</subfield>
    <subfield code="a">JRU</subfield>
    <subfield code="b">JRU</subfield>
    <subfield code="c">SHELF-19-G</subfield>
    <subfield code="d">2022-11-09</subfield>
    <subfield code="e">LOHIA BOOK INTERNATIONAL</subfield>
    <subfield code="g">425.00</subfield>
    <subfield code="l">0</subfield>
    <subfield code="o">613.7-PAR-H</subfield>
    <subfield code="p">27184</subfield>
    <subfield code="r">2023-01-09 00:00:00</subfield>
    <subfield code="w">2022-11-09</subfield>
    <subfield code="y">BK</subfield>
  </datafield>
  <datafield tag="952" ind1=" " ind2=" ">
    <subfield code="0">0</subfield>
    <subfield code="1">0</subfield>
    <subfield code="4">0</subfield>
    <subfield code="7">0</subfield>
    <subfield code="8">PHARMACY</subfield>
    <subfield code="a">JRU</subfield>
    <subfield code="b">JRU</subfield>
    <subfield code="c">SHELF-19-G</subfield>
    <subfield code="d">2022-11-09</subfield>
    <subfield code="e">LOHIA BOOK INTERNATIONAL</subfield>
    <subfield code="g">425.00</subfield>
    <subfield code="l">0</subfield>
    <subfield code="o">613.7-PAR-H</subfield>
    <subfield code="p">27185</subfield>
    <subfield code="r">2023-01-09 00:00:00</subfield>
    <subfield code="w">2022-11-09</subfield>
    <subfield code="y">BK</subfield>
  </datafield>
  <datafield tag="952" ind1=" " ind2=" ">
    <subfield code="0">0</subfield>
    <subfield code="1">0</subfield>
    <subfield code="4">0</subfield>
    <subfield code="7">0</subfield>
    <subfield code="8">PHARMACY</subfield>
    <subfield code="a">JRU</subfield>
    <subfield code="b">JRU</subfield>
    <subfield code="c">SHELF-19-G</subfield>
    <subfield code="d">2022-11-09</subfield>
    <subfield code="e">LOHIA BOOK INTERNATIONAL</subfield>
    <subfield code="g">425.00</subfield>
    <subfield code="l">0</subfield>
    <subfield code="o">613.7-PAR-H</subfield>
    <subfield code="p">27186</subfield>
    <subfield code="r">2023-01-09 00:00:00</subfield>
    <subfield code="w">2022-11-09</subfield>
    <subfield code="y">BK</subfield>
  </datafield>
  <datafield tag="952" ind1=" " ind2=" ">
    <subfield code="0">0</subfield>
    <subfield code="1">0</subfield>
    <subfield code="4">0</subfield>
    <subfield code="7">0</subfield>
    <subfield code="8">PHARMACY</subfield>
    <subfield code="a">JRU</subfield>
    <subfield code="b">JRU</subfield>
    <subfield code="c">SHELF-19-G</subfield>
    <subfield code="d">2022-11-09</subfield>
    <subfield code="e">LOHIA BOOK INTERNATIONAL</subfield>
    <subfield code="g">425.00</subfield>
    <subfield code="l">0</subfield>
    <subfield code="o">613.7-PAR-H</subfield>
    <subfield code="p">27187</subfield>
    <subfield code="r">2023-01-09 00:00:00</subfield>
    <subfield code="w">2022-11-09</subfield>
    <subfield code="y">BK</subfield>
  </datafield>
  <datafield tag="952" ind1=" " ind2=" ">
    <subfield code="0">0</subfield>
    <subfield code="1">0</subfield>
    <subfield code="4">0</subfield>
    <subfield code="7">0</subfield>
    <subfield code="8">PHARMACY</subfield>
    <subfield code="a">JRU</subfield>
    <subfield code="b">JRU</subfield>
    <subfield code="c">SHELF-19-G</subfield>
    <subfield code="d">2022-11-09</subfield>
    <subfield code="e">LOHIA BOOK INTERNATIONAL</subfield>
    <subfield code="g">425.00</subfield>
    <subfield code="l">0</subfield>
    <subfield code="o">613.7-PAR-H</subfield>
    <subfield code="p">27188</subfield>
    <subfield code="r">2023-01-09 00:00:00</subfield>
    <subfield code="w">2022-11-09</subfield>
    <subfield code="y">BK</subfield>
  </datafield>
  <datafield tag="952" ind1=" " ind2=" ">
    <subfield code="0">0</subfield>
    <subfield code="1">0</subfield>
    <subfield code="4">0</subfield>
    <subfield code="7">0</subfield>
    <subfield code="8">PHARMACY</subfield>
    <subfield code="a">JRU</subfield>
    <subfield code="b">JRU</subfield>
    <subfield code="c">SHELF-19-G</subfield>
    <subfield code="d">2023-03-23</subfield>
    <subfield code="e">LOHIA BOOK INTERNATIONAL</subfield>
    <subfield code="g">425.00</subfield>
    <subfield code="l">0</subfield>
    <subfield code="o">613.7 PAR-H</subfield>
    <subfield code="p">27542</subfield>
    <subfield code="r">2023-03-28 00:00:00</subfield>
    <subfield code="w">2023-03-23</subfield>
    <subfield code="y">BK</subfield>
  </datafield>
  <datafield tag="952" ind1=" " ind2=" ">
    <subfield code="0">0</subfield>
    <subfield code="1">0</subfield>
    <subfield code="4">0</subfield>
    <subfield code="7">0</subfield>
    <subfield code="8">PHARMACY</subfield>
    <subfield code="a">JRU</subfield>
    <subfield code="b">JRU</subfield>
    <subfield code="c">SHELF-19-G</subfield>
    <subfield code="d">2023-03-23</subfield>
    <subfield code="e">LOHIA BOOK INTERNATIONAL</subfield>
    <subfield code="g">425.00</subfield>
    <subfield code="l">0</subfield>
    <subfield code="o">613.7 PAR-H</subfield>
    <subfield code="p">27543</subfield>
    <subfield code="r">2023-03-28 00:00:00</subfield>
    <subfield code="w">2023-03-23</subfield>
    <subfield code="y">BK</subfield>
  </datafield>
  <datafield tag="952" ind1=" " ind2=" ">
    <subfield code="0">0</subfield>
    <subfield code="1">0</subfield>
    <subfield code="4">0</subfield>
    <subfield code="7">0</subfield>
    <subfield code="8">PHARMACY</subfield>
    <subfield code="a">JRU</subfield>
    <subfield code="b">JRU</subfield>
    <subfield code="c">SHELF-19-G</subfield>
    <subfield code="d">2023-03-23</subfield>
    <subfield code="e">LOHIA BOOK INTERNATIONAL</subfield>
    <subfield code="g">425.00</subfield>
    <subfield code="l">0</subfield>
    <subfield code="o">613.7 PAR-H</subfield>
    <subfield code="p">27544</subfield>
    <subfield code="r">2023-03-28 00:00:00</subfield>
    <subfield code="w">2023-03-23</subfield>
    <subfield code="y">BK</subfield>
  </datafield>
  <datafield tag="952" ind1=" " ind2=" ">
    <subfield code="0">0</subfield>
    <subfield code="1">0</subfield>
    <subfield code="4">0</subfield>
    <subfield code="7">0</subfield>
    <subfield code="8">PHARMACY</subfield>
    <subfield code="a">JRU</subfield>
    <subfield code="b">JRU</subfield>
    <subfield code="c">SHELF-19-G</subfield>
    <subfield code="d">2023-03-23</subfield>
    <subfield code="e">LOHIA BOOK INTERNATIONAL</subfield>
    <subfield code="g">425.00</subfield>
    <subfield code="l">0</subfield>
    <subfield code="o">613.7 PAR-H</subfield>
    <subfield code="p">27545</subfield>
    <subfield code="r">2023-03-28 00:00:00</subfield>
    <subfield code="w">2023-03-23</subfield>
    <subfield code="y">BK</subfield>
  </datafield>
  <datafield tag="952" ind1=" " ind2=" ">
    <subfield code="0">0</subfield>
    <subfield code="1">0</subfield>
    <subfield code="4">0</subfield>
    <subfield code="7">0</subfield>
    <subfield code="8">PHARMACY</subfield>
    <subfield code="a">JRU</subfield>
    <subfield code="b">JRU</subfield>
    <subfield code="c">SHELF-19-G</subfield>
    <subfield code="d">2023-03-23</subfield>
    <subfield code="e">LOHIA BOOK INTERNATIONAL</subfield>
    <subfield code="g">425.00</subfield>
    <subfield code="l">1</subfield>
    <subfield code="o">613.7 PAR-H</subfield>
    <subfield code="p">27546</subfield>
    <subfield code="r">2024-06-21 15:01:54</subfield>
    <subfield code="s">2024-02-10</subfield>
    <subfield code="w">2023-03-23</subfield>
    <subfield code="y">BK</subfield>
  </datafield>
</record>
